000 00539nam a2200181 4500
001 111115
003 ES-MaACL
005 20260213163035.0
007 t|
008 061121s1970 sp r ||||1| spa d
100 1 _aOlaechea Labayen, Juan B.
_986638
245 1 0 _aVillafranca de Ordizia /
_cJuan B. Olaechea.
260 _aSan Sebastián :
_bCaja de Ahorros Municipal,
_c1970.
300 _a80 p., 9 lám. ;
_c20 cm.
710 0 _aCaja de Ahorros Municipal
_92296
852 _aES-MaACL
_jC-49580
_bR.74658
999 _c111115
_d111115